000 00497nam a2200169Ia 4500
008 240729s9999 xx 000 0 und d
022 _a2287-982X
245 0 _aPhysical Therapy Korea
260 _aKorea, Republic of
260 _bKorean Research Society of Physical Therapy
650 _a Medicine (General)
650 _a Therapeutics. Pharmacology | Medicine
650 _aMedicine
856 _uhttps://doaj.org/toc/c2bbd2caa64645aeba3bbff8d40c7f40
942 _2ddc
942 _cDOAJEJ
999 _c68374
_d68374
945 _a1
_bMadushi Gamage
_c1
_dMadushi Gamage